Historia natural médica : (Record no. 160857)
[ view plain ]
| 000 -LEADER | |
|---|---|
| campo de control de longitud fija | 01156nam a22002415i 4500 |
| 001 - NÚMERO DE CONTROL | |
| campo de control | 160857 |
| 003 - IDENTIFICADOR DE NÚMERO DE CONTROL | |
| campo de control | ES-MaACL |
| 005 - FECHA Y HORA DE LA ÚLTIMA TRANSACCIÓN | |
| campo de control | 20250729045523.0 |
| 008 - DATOS DE LONGITUD FIJA--INFORMACIÓN GENERAL | |
| campo de control de longitud fija | 041001s1847 sp |||| | spa d |
| 040 ## - FUENTE DE CATALOGACIÓN | |
| Centro catalogador/agencia de origen | CAM |
| Lengua de catalogación | spa |
| Centro/agencia transcriptor | CAM |
| 080 ## - NÚMERO DE LA CLASIFICACIÓN DECIMAL UNIVERSAL | |
| Número de la Clasificación Decimal Universal | 55/59 |
| 100 1# - ENTRADA PRINCIPAL--NOMBRE DE PERSONA | |
| Nombre de persona | Obrador, Bartolomé |
| Término indicativo de función/relación | Autor |
| 9 (RLIN) | 130584 |
| 245 10 - MENCIÓN DEL TÍTULO | |
| Título | Historia natural médica : |
| Resto del título | segundo año : número y orden de las lecciones de esta clase, con el programa de las materias de que se tratará en cada una de ellas, en el curso académico de 1847 á 1848 / |
| Mención de responsabilidad, etc. | que publica... Bartolomé Obrador. |
| 260 ## - PUBLICACIÓN, DISTRIBUCIÓN, ETC. | |
| Lugar de publicación, distribución, etc. | Madrid : |
| Nombre del editor, distribuidor, etc. | [s.n., |
| Fecha de publicación, distribución, etc. | 1847?] |
| Fabricante | (Imp. del Colegio de Sordo-Mudos) |
| 300 ## - DESCRIPCIÓN FÍSICA | |
| Extensión | 30 páginas ; |
| Dimensiones | 19 cm. |
| 594 ## - Nota al título y mención de responsabilidad | |
| Nota al título y mención de responsabilidad | Precede al tít.: Universidad de Madrid. Facultad de Medicina. |
| 650 #7 - PUNTO DE ACCESO ADICIONAL DE MATERIA--TÉRMINO DE MATERIA | |
| Término de materia o nombre geográfico como elemento de entrada | Ciencias naturales- |
| Subdivisión general | Enseñanza |
| Fuente del encabezamiento o término | |
| 9 (RLIN) | 151698 |
| 710 2# - ENTRADA AGREGADA--NOMBRE DE ENTIDAD CORPORATIVA | |
| Nombre de entidad corporativa o nombre de jurisdicción como elemento de entrada | Universidad de Madrid. |
| Unidad subordinada | Facultad de Medicina |
| Término indicativo de función/relación | entidad responsable |
| 9 (RLIN) | 7215 |
| 852 ## - LOCALIZACIÓN | |
| Ubicación | ES-MaACL |
| Ubicación en estantería | Depósito folletos |
| Marcas de propiedad | Sello de "Los Escolares Médicos" |
| Anotaciones manuscritas | An. ms. de Gustavo Sáenz Díez |
| Número de control de estantería | T-367-F-15 |
| Encuadernación | Enc. en un vol. facticio |
| -- | Holandesa, falto de cub. original |
| 942 ## - ELEMENTOS DE ENTRADA SECUNDARIOS (KOHA) | |
| Fuente del sistema de clasificación o colocación | Clasificación decimal universal |
| Tipo de ítem Koha | Folleto |
| Suprimir en OPAC | No |
| Estatus retirado | Estado de pérdida | Estado de daño | No para préstamo | Colección | Biblioteca de origen | Biblioteca actual | Ubicación en estantería | Fecha de adquisición | Total de préstamos | Signatura topográfica completa | Código de barras | Visto por última vez | Precio de reemplazo | Tipo de ítem Koha |
|---|---|---|---|---|---|---|---|---|---|---|---|---|---|---|
| Colección de folletos | Biblioteca del Ateneo de Madrid | Biblioteca del Ateneo de Madrid | Depósito folletos | 17/01/2008 | T-367-F-15 | 1168455 | 23/02/2023 | 23/02/2023 | Folleto |
